L'Economia del Baix Llobregat : Creixement i desequilibris / director de l'estudi: Jordi Rosés ; coordinador: Enric Mendizàbal ; autors: Antoni Alarcón ... [et al.] Creixement i desequilibris / director de l'estudi:
Descripción Física:
XIV, 417 p. : amb map. ; 24 cm
Colección:
Catalunya comarcal
MARC
| LEADER | 00000nam a2200000Ia 4500 | ||
|---|---|---|---|
| 001 | 8841 | ||
| 008 | 160829s1989 xx 000 0 cat d | ||
| 080 | |a M-2-20 | ||
| 245 | |a L'Economia del Baix Llobregat : |b Creixement i desequilibris / director de l'estudi: |b Jordi Rosés ; coordinador: |b Enric Mendizàbal ; autors: |b Antoni Alarcón ... [et al.] | ||
| 260 | |a Barcelona : |b Caixa d'Estalvis de Catalunya, |c 1989 | ||
| 300 | |a XIV, 417 p. : |b amb map. ; |c 24 cm | ||
| 490 | |a Catalunya comarcal | ||
| 651 | 0 | |a Baix Llobregat (Catalunya) |x Condicions econòmiques |9 54160 | |
| 700 | |a Rosés, Jordi, dir. |9 29188 | ||
| 700 | |a Mendizàbal, Enric, coord. |9 26380 | ||
| 700 | |a Alarcón, Antoni |9 26381 | ||
| 901 | |a Arxiu | ||
| 942 | |n 1 | ||
| 952 | |0 0 |1 0 |4 0 |6 M220 |7 1 |9 43970 |a Arxiu |b Arxiu |d 2016-12-01 |l 0 |o M-2-20 |p 8841 |r 2016-12-01 00:00:00 |w 2016-12-01 |y ARXIU | ||
| 999 | |c 46550 |d 46550 | ||